Normal view
MARC view
Entry Personal Name
001 - CONTROL NUMBER
- control field: 782277
003 - CONTROL NUMBER IDENTIFIER
- control field: OSt
005 - DATE AND TIME OF LATEST TRANSACTION
- control field: 20250508165858.0
008 - FIXED-LENGTH DATA ELEMENTS
- fixed length control field: 250508|| aca||aabn | a|a d
040 ## - CATALOGING SOURCE
- Original cataloging agency: OSt
- Transcribing agency: OSt
100 ## - HEADING--PERSONAL NAME
- Personal name: Willis Jerry W
670 ## - SOURCE DATA FOUND
- Source citation: Work cat.: (OSt)1397962: Willis Jerry W, Qualitative research methods in education and educational technology, 2008
